Top 40 Happiest Countries - Statistics

General Stats
  • This quiz has been taken 205 times
  • The average score is 31 of 40
Answer Stats
Country % Correct
Finland
98%
Canada
95%
Norway
95%
Sweden
95%
United States
95%
Germany
94%
Denmark
93%
France
92%
Spain
92%
United Kingdom
92%
Australia
91%
Italy
91%
Ireland
88%
New Zealand
87%
Belgium
86%
Iceland
86%
Netherlands
86%
Switzerland
86%
Austria
83%
Brazil
80%
Luxembourg
80%
Mexico
78%
Estonia
77%
Slovenia
77%
Czech Republic
74%
Slovakia
74%
Singapore
73%
United Arab Emirates
70%
Lithuania
68%
Israel
67%
Malta
67%
Costa Rica
58%
Taiwan
57%
Uruguay
57%
Cyprus
55%
Panama
55%
Saudi Arabia
55%
Bahrain
53%
Jamaica
43%
Guatemala
41%
No matching quizzes found
Score Distribution
Percent of People with Each Score
Percentile by Number Answered
Your Score History
You have not taken this quiz